[Event "SVK-ch Region"]
[Site "Slovakia"]
[Date "2006.07.06"]
[Round "8"]
[White "Surina, Ludovit"]
[Black "Potocar, Rudolf"]
[Result "0-1"]
[WhiteElo "1501"]
[BlackElo "1633"]
[PlyCount "54"]
[EventDate "2006.06.04"]
[EventType "swiss"]
[EventRounds "9"]
[EventCountry "SVK"]
[SourceTitle "EXT 2007"]
[Source "ChessBase"]
[SourceDate "2006.11.23"]
[SourceVersion "1"]
[SourceVersionDate "2006.11.23"]
[SourceQuality "1"]

1. d4 d5 2. Nc3 e6 3. e4 Bb4 4. e5 Ne7 5. Bd2 Nf5 6. a3 Ba5 7. Nf3 0-0 8. b4 Bb6 9. Bg5 Qe8 10. Bb5 c6 11. Ba4 h6 12. Bc1 Bd8 13. g4 Ne7 14. Ne2 b5 15. Bb3 a5 16. Bb2 Ng6 17. bxa5 Bxa5+ 18. Bc3 Bxc3+ 19. Nxc3 Nd7 20. h4 f6 21. h5 Ne7 22. Ne2 Qf7 23. c3 Nb6 24. Nf4 fxe5 25. Ng6 Nxg6 26. hxg6 Qxf3 27. Ra2 Qxh1+ 0-1

[Event "SVK-ch Region"]
[Site "Slovakia"]
[Date "2006.07.05"]
[Round "7"]
[White "Prekopp, Marian"]
[Black "Potocar, Rudolf"]
[Result "1-0"]
[WhiteElo "1986"]
[BlackElo "1633"]
[PlyCount "47"]
[EventDate "2006.06.04"]
[EventType "swiss"]
[EventRounds "9"]
[EventCountry "SVK"]
[SourceTitle "EXT 2007"]
[Source "ChessBase"]
[SourceDate "2006.11.23"]
[SourceVersion "1"]
[SourceVersionDate "2006.11.23"]
[SourceQuality "1"]

1. e4 e5 2. Nf3 Nc6 3. d4 exd4 4. Nxd4 Nf6 5. Nxc6 bxc6 6. Bd3 Bc5 7. Nc3 0-0 8. 0-0 d6 9. Bg5 h6 10. Bh4 Rb8 11. Na4 Bd4 12. c3 Bb6 13. Qd2 Re8 14. Nxb6 cxb6 15. f4 b5 16. e5 dxe5 17. fxe5 Ne4 18. Qf4 Qb6+ 19. Kh1 Ng3+ 20. Qxg3 Qc7 21. Bf6 g5 22. h4 g4 23. Qf4 Rxe5 24. Qxh6 1-0

[Event "SVK-ch Region"]
[Site "Slovakia"]
[Date "2006.07.03"]
[Round "4"]
[White "Kudlik, Vladimir"]
[Black "Potocar, Rudolf"]
[Result "1/2-1/2"]
[WhiteElo "1863"]
[BlackElo "1633"]
[PlyCount "83"]
[EventDate "2006.06.04"]
[EventType "swiss"]
[EventRounds "9"]
[EventCountry "SVK"]
[SourceTitle "EXT 2007"]
[Source "ChessBase"]
[SourceDate "2006.11.23"]
[SourceVersion "1"]
[SourceVersionDate "2006.11.23"]
[SourceQuality "1"]

1. d4 d5 2. c4 e6 3. Nc3 Nf6 4. Bg5 Be7 5. Nf3 0-0 6. e3 b6 7. Bxf6 Bxf6 8. cxd5 exd5 9. Bd3 Bb7 10. Rc1 Re8 11. 0-0 Na6 12. Qa4 Nb8 13. b4 a6 14. Bb1 b5 15. Qc2 g6 16. Ne2 c6 17. Nf4 a5 18. bxa5 Rxa5 19. Nd3 Nd7 20. Nb4 Nb8 21. Qb3 Qd6 22. Nd3 Nd7 23. Rc3 Rc8 24. Rfc1 Ra4 25. a3 Rca8 26. Nc5 Nxc5 27. Rxc5 Rxa3 28. Qb2 R8a6 29. Ne1 R3a4 30. Nd3 Rc4 31. R5xc4 dxc4 32. Ne1 Qd7 33. Qe2 Ra8 34. Rd1 Re8 35. Nf3 c3 36. Bc2 Ra8 37. Bb3 Ra3 38. Qc2 b4 39. Ne1 Ba6 40. f3 Qa7 41. Kf2 Bb5 42. Nd3 1/2-1/2

[Event "SVK-ch Region"]
[Site "Sklene Teplice"]
[Date "2005.??.??"]
[Round "?"]
[White "Benko, Jozef"]
[Black "Potocar, Rudolf"]
[Result "1/2-1/2"]
[WhiteElo "1557"]
[BlackElo "1642"]
[PlyCount "25"]
[EventDate "2005.??.??"]
[EventType "swiss"]
[EventRounds "9"]
[EventCountry "SVK"]
[SourceTitle "EXT 2007"]
[Source "ChessBase"]
[SourceDate "2006.11.23"]
[SourceVersion "1"]
[SourceVersionDate "2006.11.23"]
[SourceQuality "1"]

1. e4 e5 2. Nf3 Nc6 3. d4 exd4 4. Nxd4 Bc5 5. Nb3 Bb6 6. Nc3 d6 7. Bd3 Nf6 8. f3 0-0 9. Bg5 h6 10. Bh4 g5 11. Bg3 Be6 12. Qd2 Bxb3 13. cxb3 1/2-1/2

[Event "SVK-ch Region"]
[Site "Sklene Teplice"]
[Date "2005.??.??"]
[Round "?"]
[White "Potocar, Rudolf"]
[Black "Franko, Viliam"]
[Result "1/2-1/2"]
[WhiteElo "1642"]
[BlackElo "1464"]
[PlyCount "22"]
[EventDate "2005.??.??"]
[EventType "swiss"]
[EventRounds "9"]
[EventCountry "SVK"]
[SourceTitle "EXT 2007"]
[Source "ChessBase"]
[SourceDate "2006.11.23"]
[SourceVersion "1"]
[SourceVersionDate "2006.11.23"]
[SourceQuality "1"]

1. e4 e5 2. Nf3 d6 3. d4 exd4 4. Nxd4 Nf6 5. Bd3 b6 6. 0-0 g6 7. Nc3 Bg7 8. Bb5+ Nfd7 9. Bc6 Nxc6 10. Nxc6 Qf6 11. Nd5 Qe6 1/2-1/2

[Event "SVK-ch Region"]
[Site "Sklene Teplice"]
[Date "2005.??.??"]
[Round "?"]
[White "Potocar, Rudolf"]
[Black "Sedlarik, Anton"]
[Result "1/2-1/2"]
[WhiteElo "1642"]
[BlackElo "1612"]
[PlyCount "54"]
[EventDate "2005.??.??"]
[EventType "swiss"]
[EventRounds "9"]
[EventCountry "SVK"]
[SourceTitle "EXT 2007"]
[Source "ChessBase"]
[SourceDate "2006.11.23"]
[SourceVersion "1"]
[SourceVersionDate "2006.11.23"]
[SourceQuality "1"]

1. e4 e5 2. Nf3 Nc6 3. Bb5 a6 4. Ba4 h6 5. 0-0 b5 6. Bb3 Bc5 7. c3 d6 8. d4 exd4 9. cxd4 Bb4 10. a3 Ba5 11. Bd5 Nge7 12. b4 Bb6 13. Bxc6+ Nxc6 14. Bb2 0-0 15. d5 Ne7 16. Qc2 Bg4 17. Nbd2 f6 18. h3 Bh5 19. Bd4 Bxd4 20. Nxd4 Bf7 21. Nc6 Nxc6 22. Qxc6 Be8 23. Qc2 Bg6 24. Rac1 Rc8 25. Qc6 Be8 26. Qxa6 Ra8 27. Qb7 Rf7 1/2-1/2

[Event "SVK-ch Region"]
[Site "Sklene Teplice"]
[Date "2005.??.??"]
[Round "?"]
[White "Surina, Ludovit"]
[Black "Potocar, Rudolf"]
[Result "1/2-1/2"]
[WhiteElo "1493"]
[BlackElo "1642"]
[PlyCount "25"]
[EventDate "2005.??.??"]
[EventType "swiss"]
[EventRounds "9"]
[EventCountry "SVK"]
[SourceTitle "EXT 2007"]
[Source "ChessBase"]
[SourceDate "2006.11.23"]
[SourceVersion "1"]
[SourceVersionDate "2006.11.23"]
[SourceQuality "1"]

1. e4 e5 2. Nf3 Nf6 3. Nc3 d6 4. d4 Bg4 5. dxe5 Bxf3 6. Qxf3 dxe5 7. Bg5 Be7 8. Rd1 Nbd7 9. Bc4 c6 10. Bxf6 Bxf6 11. 0-0 Qe7 12. Rd3 Nc5 13. Rd2 1/2-1/2